000 00631nam a2200181Ia 4500
008 100921s9999 xx 000 0 und d
082 _b29553
_a808.068 थ 94
100 _aकुलकर्णी विनायक य.
245 _aगीता कथा-3.
260 _bअनुजा प्रकाशन, पुणे.
_c1994
300 _a36
_bअमृत साहित्य
365 _b12
520 _aललित-बालवाङ्रमय.
630 _aगीता कथा-3.
650 _aललित-बालवाङ्रमय.
730 _aगीता कथा-3.
942 _cBOOK
999 _c778666
_d778663